00480 2200169 4500245007200000250001100072100003300083700003000116700002000146650002000166005001900186260004400205041001400249084001000263300002800273336000900301 aPengantar Studi Peradaban IslamcKhalid bin Abdullah al-QasimhText aCet. 1 aKhalid bin Abdullah al-Qasim aIbrahim bin Hammad ar-Ris aIzzuddin Karimi aPeradaban Islam a20230224150757 aJakartabYayasan Al-Sofwa Jakartac2011 aIndonesia a297.2 ax, 267 hlm. :c20.5 cm. atext